| 000 | 00577nam a22001937a 4500 | ||
|---|---|---|---|
| 003 | NUST | ||
| 005 | 20250217162932.0 | ||
| 008 | 170926b xxu||||| |||| 00| 0 eng d | ||
| 040 | _cNUST | ||
| 082 | _a200 | ||
| 100 |
_aLodhi,Bilal Ahmed _94992 |
||
| 245 |
_aAn empirical analysis of sugarcane production in Pakistan/ _cBilal Ahmed Lodhi |
||
| 260 |
_aIslamabad _c2015 _bS3H NUST |
||
| 300 | _a41p | ||
| 600 |
_xMS- Economics _9127866 |
||
| 700 |
_aSupervisor: Dr. Faisal Jamil _9124811 |
||
| 856 | _uhttp://10.250.8.41:8080/xmlui/handle/123456789/3369 | ||
| 942 |
_2ddc _cSC |
||
| 999 |
_c331371 _d331371 |
||